000 01570nam a22002657a 4500
003 DO-SdBNP
005 20220321101014.0
007 ta
008 210716b 2018 dr 00| 0 eng d
020 _a9789945910803
040 _aDO-SdBNP
_bspa
_cBNPHU
082 4 _bD948e
_222
100 1 _aDurán, Andy
_979272
245 1 0 _aEducación financiera para la vida /
_cAndy Durán ; colaboradores María Elena Durán Capellán, Juan Agustín Acosta, José Luis Fradera Cornelio ; prólogo Luis Gabriel Santa.
260 _aSantoDomingo :
_bDelfos,
_c2018.
300 _a127 p. ;
_c22 cm.
500 _aIncluye datos biográficos del autor en la solapa de la cubierta.
504 _aBibliografía : p. 127
505 0 _aPrólogo 05. --introducción 07. --Tema I: La educación financiera 09. --Tema II: Cultura del ahorro 17. --Tema III: Los gastos en las finanzas personales 27. --Tema IV: El dinero 37. --Tema V: Ingresos pasivos y libertad financiera 45. --Tema VI: Importancia del presupuesto en las finanzas personales 53. --Tema VII: El crédito, las deudas y las tarjetas de crédito 67. --Tema VIII: Manejo de las finanzas personales en tiempos de crisis económicas 83. --Tema IX: Inversiones y negocios 91. --Tema X: Funcionamiento de los bancos 101. --Tema XI: El tema económico en el noviazgo 109. --Tema XII Manejo de las finanzas en la 117
590 _aInventariado, 2021 /LP
590 _aLa biblioteca posee 1 ejemplar autografiado por el autor.
700 1 _aSanta, Luis Gabriel,
_epról.
_979273
910 _aLpérez
942 _2ddc
_cLBS1
999 _c50133
_d50133